Statistics for Northernmost Bordering Country #2

Click here to take the quiz!

General Stats

  • This quiz has been taken 36 times
  • The average score is 19 of 20

Answer Stats

HintAnswer% Correct
LuxembourgBelgium
100%
United StaesCanada
100%
SudanEgypt
100%
Papua New GuineaIndonesia
100%
FinlandNorway
100%
UkraineRussia
100%
LebanonSyria
100%
MyanmarChina
97%
EcuadorColombia
97%
DjiboutiEritrea
97%
SwitzerlandGermany
97%
SenegalMauritania
97%
BelizeMexico
94%
BeninNiger
94%
HungarySlovakia
91%
Sierra LeoneGuinea
88%
IraqTurkey
88%
TajikistanUzbekistan
88%
United Arab EmiratesOman
85%
GabonCameroon
79%

Score Distribution

Percentile by Number Answered

Percent of People with Each Score

Your Score History

You have not taken this quiz